Sanskrit English dictionary (Record no. 19714)

MARC details
000 -LEADER
fixed length control field 00387nam a2200145Ia 4500
082 ## - DEWEY DECIMAL CLASSIFICATION NUMBER
Classification number RR 491.2321 MAC-;
100 ## - MAIN ENTRY--AUTHOR NAME
Personal name Macdonell, Arthur A.
245 #0 - TITLE STATEMENT
Title Sanskrit English dictionary
260 ## - PUBLICATION, DISTRIBUTION, ETC. (IMPRINT)
Place of publication New Delhi
Name of publisher Award Publishing
Year of publication 1979
300 ## - PHYSICAL DESCRIPTION
Number of Pages xi, 384p.
504 ## - BIBLIOGRAPHY, ETC. NOTE
Bibliography, etc Ref.book
650 ## - SUBJECT ADDED ENTRY--TOPICAL TERM
Topical Term English language - Dictionaries
650 ## - SUBJECT ADDED ENTRY--TOPICAL TERM
Topical Term Sanskrit language - Dictionaries
942 ## - ADDED ENTRY ELEMENTS (KOHA)
Koha item type Books
Holdings
Withdrawn status Lost status Damaged status Not for loan Home library Current library Date acquired Full call number Accession Number Price effective from Koha item type
        NASSDOC Library NASSDOC Library 08/06/2004 RR 491.2321 MAC-; 13645 18/04/2019 Books